|
|
|
|
| LEADER |
00000cam a2200000 7i4500 |
| 001 |
0000024442 |
| 005 |
20081223.0 |
| 008 |
081223 |
| 020 |
|
|
|a 9833914135
|
| 090 |
0 |
0 |
|a 006.7
|b YOU
|
| 245 |
1 |
0 |
|a You tube yi xhe jiu hui (Chinese)
|
| 260 |
|
|
|a Kuala Lumpur :
|b Da Zhong he ji chu ban ,
|c 2008
|
| 300 |
|
|
|a Included VCD
|
| 440 |
|
|
|a Tan xue jiu hui ; 25
|
| 650 |
|
0 |
|a Internet videos
|
| 650 |
|
0 |
|a Online social networks
|
| 650 |
|
0 |
|a YouTube (Electronic resources)
|
| 999 |
|
|
|a 0001038847
|b Book
|c Chinese Collection
|e Perbadanan Perpustakaan Awam Johor
|
| 999 |
|
|
|a CD01038847
|b Video CD
|c REFERENCE
|e Perbadanan Perpustakaan Awam Johor
|